Textbook Of Business Statistics (Record no. 60004)
[ view plain ]
| 000 -LEADER | |
|---|---|
| fixed length control field | 00451nam a22001817a 4500 |
| 005 - DATE & TIME | |
| control field | 20260120152449.0 |
| 008 - FIXED-LENGTH DATA ELEMENTS--GENERAL INFORMATION | |
| fixed length control field | 260120b |||||||| |||| 00| 0 eng d |
| 020 ## - ISBN | |
| International Standard Book Number | 9788121924566 |
| Price | 499.00 |
| 040 ## - CATALOGING SOURCE | |
| Original cataloging agency | Doon University |
| 041 ## - Language | |
| Language | English |
| 082 ## - DDC NUMBER | |
| Classification number | 650.0212 |
| Book Number | HAZ |
| 100 ## - MAIN ENTRY--PERSONAL NAME | |
| Personal name | Hazarika, Padmalochan |
| 245 ## - TITLE STATEMENT | |
| Title | Textbook Of Business Statistics |
| 260 ## - PUBLICATION, DISTRIBUTION, ETC. (IMPRINT) | |
| Place of publication, distribution, etc | New Delhi |
| Name of publisher, distributor, etc | S. Chand |
| Date of publication, distribution, etc | 2023 |
| 300 ## - PHYSICAL DESCRIPTION | |
| Pages | 538 |
| 650 ## - Subject | |
| Subject | Commerce |
| 942 ## - ADDED ENTRY ELEMENTS (KOHA) | |
| Koha item type | Books |
| 100 ## - MAIN ENTRY--PERSONAL NAME | |
| -- | 25966 |
| 952 ## - LOCATION AND ITEM INFORMATION (KOHA) | |
| -- | 2026-01-20 |
| 952 ## - LOCATION AND ITEM INFORMATION (KOHA) | |
| -- | 2026-01-20 |
| 952 ## - LOCATION AND ITEM INFORMATION (KOHA) | |
| -- | 2026-01-20 |
| 952 ## - LOCATION AND ITEM INFORMATION (KOHA) | |
| -- | 2026-01-20 |
| 952 ## - LOCATION AND ITEM INFORMATION (KOHA) | |
| -- | 2026-01-20 |
| 952 ## - LOCATION AND ITEM INFORMATION (KOHA) | |
| -- | 2026-01-20 |
| 952 ## - LOCATION AND ITEM INFORMATION (KOHA) | |
| -- | 2026-01-20 |
| 952 ## - LOCATION AND ITEM INFORMATION (KOHA) | |
| -- | 2026-01-20 |
| 952 ## - LOCATION AND ITEM INFORMATION (KOHA) | |
| -- | 2026-01-20 |
| 952 ## - LOCATION AND ITEM INFORMATION (KOHA) | |
| -- | 2026-01-20 |
| Withdrawn status | Lost status | Source of classification or shelving scheme | Damaged status | Not for loan | Location (home branch) | Sublocation or collection (holding branch) | Date acquired | Koha full call number | Accession No. | Koha date last seen | Koha item type | Koha issues (times borrowed) |
|---|---|---|---|---|---|---|---|---|---|---|---|---|
| Not For Loan | Doon University | Doon University | 20.01.2026 | 650.0212 HAZ | 51359 | 20.01.2026 | Reference | |||||
| Doon University | Doon University | 20.01.2026 | 650.0212 HAZ | 51360 | 20.01.2026 | Books | ||||||
| Doon University | Doon University | 20.01.2026 | 650.0212 HAZ | 51361 | 20.01.2026 | Books | ||||||
| Doon University | Doon University | 20.01.2026 | 650.0212 HAZ | 51362 | 20.01.2026 | Books | ||||||
| Doon University | Doon University | 20.01.2026 | 650.0212 HAZ | 51363 | 20.01.2026 | Books | ||||||
| Doon University | Doon University | 20.01.2026 | 650.0212 HAZ | 51364 | 20.01.2026 | Books | ||||||
| Doon University | Doon University | 20.01.2026 | 650.0212 HAZ | 51365 | 20.01.2026 | Books | ||||||
| Doon University | Doon University | 20.01.2026 | 650.0212 HAZ | 51366 | 20.01.2026 | Books | ||||||
| Doon University | Doon University | 20.01.2026 | 650.0212 HAZ | 51367 | 20.01.2026 | Books | ||||||
| Doon University | Doon University | 20.01.2026 | 650.0212 HAZ | 51368 | 20.01.2026 | Books |